| 000 | 00858cam a22002771 4500 | ||
|---|---|---|---|
| 999 |
_c3118 _d3118 |
||
| 001 | 10312129 | ||
| 003 | GBCCL | ||
| 005 | 20241126110447.0 | ||
| 008 | 720615s1962 nyu 000 0 eng | ||
| 010 | _a 62012212 | ||
| 035 | _a(OCoLC)332936 | ||
| 040 |
_aDLC _cONowdM _dOCoLC _dDLC |
||
| 042 | _apremarc | ||
| 050 | 0 | 0 |
_aBX1995.A1 _bS5 |
| 082 |
_a264.02 _bSHE |
||
| 100 | 1 |
_aSheppard, Lancelot C. _q(Lancelot Capel), _d1906- _96450 |
|
| 245 | 1 | 4 | _aThe Mass in the West. |
| 250 | _a[1st ed.] | ||
| 260 |
_aNew York, _bHawthorn Books _c[1962] |
||
| 300 |
_a109 p. _c21 cm. |
||
| 490 | 0 | _aThe Twentieth century encyclopedia of Catholicism, v. 111. Section 10: The worship of the church | |
| 610 | 2 | 0 |
_aCatholic Church. _tMissal. _96451 |
| 650 | 0 |
_aLord's Supper (Liturgy) _96452 |
|
| 906 |
_a7 _bcbc _coclcrpl _du _encip _f19 _gy-gencatlg |
||
| 942 |
_2ddc _cBK |
||